LEGO Ninjago: Elemental Powers by Elemental Master - Statistics

General Stats
  • This quiz has been taken 56 times
  • The average score is 21 of 41
Answer Stats
Hint Answer % Correct
Ray, Kai Fire
98%
Hibernus, Zane Ice
95%
Mr. Pale Light
95%
Benton, Lilly, Cole Earth
93%
Libber, Jay Lightning
93%
Nyad, Maya, Nya Water
93%
Lloyd Life
91%
Morro, Euphrasia Wind
86%
Karlof Metal
72%
Ash, Cinder Smoke
72%
Dusk, Shade, Obscuria Shadow
70%
Acronix, Krux Time
70%
Overlord Darkness
67%
Tox Poison
67%
Skylor Amber
63%
Neuro Mind
60%
Wyldfyre Heat
58%
Bolobo Nature
58%
Griffin Turner Speed
58%
Sora Technology
56%
Sono, Jacob, Teelk Sound
53%
Wu Creation
51%
Lord Garmadon Destruction
49%
Levi, Gravis Gravity
49%
Leo, Chamille Form
40%
Zant-Tanz Plants
33%
Frak Quake
33%
Geo Fusion
30%
Kizzy Balance
26%
Nokt Brute Force
26%
Drix Swarm
26%
Kur Decay
23%
Levo, Zeatrix Shockwave
23%
Rox Fear
21%
Zarkt Misfortune
19%
Zur Reflex
16%
Gorge Size
16%
Mord Surface Tension
16%
Algu Figment
14%
Arccrack Propulsion
14%
Unnamed Master Kismet
5%
No matching quizzes found
Score Distribution
Percent of People with Each Score
Percentile by Number Answered
Your Score History
You have not taken this quiz